00715nam a2200169Ia 4500999001700000082001200017100002000029245008800049260005000137300001900187504003900206650005500245650006400300710001600364942001200380952015300392 c14745d14745 aTG.0327 aGulati, Bhavana 0aHealth and well being of women embroidery workers in the chikan industry of Lucknow c2004bJawaharlal Nehru University, New Delhi. a290 + C D - 35 aincludes appendix and bibliography aWomen textile workersvHealth and hygienevLucknow aEmbroidery industryvEmployeesvHealth and hygienevLucknow aNayar, K.R. cTH2ddc 00104070aNASSDOCbNASSDOCd2005-09-26eGifted by : Fellowship Division, ICSSRi2005-09-09l0oTG.0327p40986r2019-04-18 00:00:00w2019-04-18yTH